Conferencia de obligaciones : (Registro nro. 20203)

Detalles MARC
000 -LEADER
fixed length control field 01498nam a2200313 4500
001 - CONTROL NUMBER
control field 0000013807
003 - CONTROL NUMBER IDENTIFIER
control field CO-CtgCURN
005 - DATE AND TIME OF LATEST TRANSACTION
control field 20250515202422.0
007 - PHYSICAL DESCRIPTION FIXED FIELD--GENERAL INFORMATION
fixed length control field ta
008 - FIXED-LENGTH DATA ELEMENTS--GENERAL INFORMATION
fixed length control field 160627s1980 000 0 eng d
020 ## - INTERNATIONAL STANDARD BOOK NUMBER
International Standard Book Number 8482721232
040 ## - CATALOGING SOURCE
Original cataloging agency CO-CtgCURN
Language of cataloging spa
Transcribing agency coctgcurn
082 0# - DEWEY DECIMAL CLASSIFICATION NUMBER
Classification number 346.5
Item number E53c
100 1# - MAIN ENTRY--PERSONAL NAME
Personal name Emiliani Roman, Raimundo.
245 10 - TITLE STATEMENT
Title Conferencia de obligaciones :
Remainder of title fuentes voluntarias de las obligaciones /
Statement of responsibility, etc. Raimundo Emiliani Roman.
260 ## - PUBLICATION, DISTRIBUTION, ETC.
Place of publication, distribution, etc. Bogotá :
Name of publisher, distributor, etc. Temis,
Date of publication, distribution, etc. 1980.
300 ## - PHYSICAL DESCRIPTION
Extent xvi, 356 p.
336 ## - CONTENT TYPE
Source rdacontent
337 ## - MEDIA TYPE
Source rdamedia
Media type term sin mediacion
Media type code n
338 ## - CARRIER TYPE
Source rdacarrier
Carrier type term volumen
Carrier type code nc
505 8# - FORMATTED CONTENTS NOTE
Formatted contents note Nocion y definicion de la obligacion.--Elementos integrantes de la obligacion.--Caracteristicas de la obligacion.--Fuentes de las obligaciones.--Autonomia de la voluntad.--Clasificacion de los contratos.--Vicios del consentimiento.--Lesion.--Responsabilidad contractual.--La mora.--Del perjuicio o daño y su indemnizacion.--Vinculo de causalidad entre culpabilidad del deudo y el incumplimento.--Modalidades de la responsabilidad en los contratos bilaterales.--Efectos de los contratos respecto de los terceros
650 14 - SUBJECT ADDED ENTRY--TOPICAL TERM
Topical term or geographic name entry element Obligaciones (Derecho)
650 14 - SUBJECT ADDED ENTRY--TOPICAL TERM
Topical term or geographic name entry element Contratos
Geographic subdivision Colombia.
650 14 - SUBJECT ADDED ENTRY--TOPICAL TERM
Topical term or geographic name entry element Responsabilidad legal
Geographic subdivision Colombia.
908 ## - PUT COMMAND PARAMETER (RLIN)
Put command parameter 160627
942 ## - ADDED ENTRY ELEMENTS (KOHA)
Koha item type Libros
Classification part 346.5
Item part E53c
Source of classification or shelving scheme Dewey Decimal Classification
Suppress in OPAC No
Existencias
Withdrawn status Lost status Source of classification or shelving scheme Damaged status Not for loan Collection Home library Current library Shelving location Date acquired Inventory number Total checkouts Full call number Barcode Date last seen Copy number Price effective from Koha item type Public note
    Dewey Decimal Classification     General Miguel Henríquez Castañeda Miguel Henríquez Castañeda General 03/31/2025 005403   346.5 E53c 005403 03/31/2025 ej.1 03/31/2025 Libros 340-DEREC
    Dewey Decimal Classification     General Miguel Henríquez Castañeda Miguel Henríquez Castañeda General 03/31/2025 005404   346.5 E53c 005404 03/31/2025 ej.2 03/31/2025 Libros 340-DEREC